000 02515cam a2200433 i 4500
001 bcotR000143
005 20210215102151.0
006 m d
007 cr cn ---uuuuu
008 160517s2016 txu o 000 0 eng d
020 _a1938168062
_qebook
020 _a9781938168062
_qebook
035 _a(OCoLC)950873357
037 _bBCOpenCampus
_cCostFree
_fFormOnline
_gAccessOpen
040 _aK6U
_beng
_erda
_cK6U
_dK6U
_dOCLCO
050 4 _aQA300
_bS731 2016
245 0 0 _aCalculus.
_nVolume 2 /
_csenior contributing authors, Gilbert Strang, Edwin Herman.
250 _aRevision C2-2016-000(03/16)-BW.
264 1 _bOpenstax College,
264 2 _bBCcampus, BC Open Textbook Project
300 _a1 online resource.
500 _aThis work is licensed under the Creative Commons Attribution-NonCommercial-ShareAlike License.
500 _aThis bibliographic record is available under the Creative Commons CC0 "No Rights Reserved" license.
520 _a"Published by OpenStax College, Calculus is designed for the typical two- or three-semester general calculus course, incorporating innovative features to enhance student learning. The book guides students through the core concepts of calculus and helps them understand how those concepts apply to their lives and the world around them. Due to the comprehensive nature of the material, we are offering the book in three volumes for flexibility and efficiency. Volume 2 covers integration, differential equations, sequences and series, and parametric equations and polar coordinates."--BC Campus website.
588 _aDescription based on online resource; title from pdf title page (viewed on May 18, 2016).
650 0 _aCalculus
_vTextbooks.
655 0 _aElectronic books.
700 1 _aStrang, Gilbert,
_econtributor.
700 1 _aHerman, Edwin Prine,
_d1962-
_econtributor.
710 2 _aOpenStax College,
_epublisher.
710 2 _aBC Open Textbook Project,
_edistributor.
710 2 _aBCcampus.
856 4 0 _3BC Open Textbook Project
_uhttps://open.bccampus.ca/find-open-textbooks/?uuid=51e22b7b-8964-4b5e-a741-39c9547414f3
856 4 0 _3BC Open Textbook Project
_uhttp://solr.bccampus.ca:8001/bcc/file/51e22b7b-8964-4b5e-a741-39c9547414f3/1/CalculusVolume2-LR.pdf
_qpdf
856 4 0 _3OpenStax
_uhttp://cnx.org/contents/HTmjSAcf@2.35:rrzms6rP@2/Introduction
999 _c28290
_d28290